000 00469nam a22001457a 4500
999 _c130499
_d130499
008 201015b ||||| |||| 00| 0 eng d
020 _a0-89243-089-3
050 _aBX2350.57 C523
100 _aChervin, Ronda
_98072
245 _aWhy I am a charismatic:
_ba Catholic explains
_cby Ronda Chervin
260 _aSt. Louis:
_bLiguori publications,
_c1978.
300 _a121p.;
_c18cm.
650 _aCharismatic movement
_xCatholic Church
_949870
942 _2lcc
_cMONOGRAPH